| 000 | 00626nam a2200229 i 4500 | ||
|---|---|---|---|
| 001 | bg | ||
| 100 | 1 | _aBUDZYŃSKI, Wojciech | |
| 245 | 1 | 0 |
_aPublic relations : _bzarządzanie reputacją firmy / _cWojciech Budzyński. |
| 260 |
_aWarszawa : _bPoltext, _c1998. |
||
| 300 |
_a156, [2] s. : _brys. ; _c24 cm. |
||
| 490 | 1 | _aWarsztaty Menedżerskie | |
| 504 | _aBibliogr. s. [158]. | ||
| 650 | 9 | _aPublic relations | |
| 830 | _aWarsztaty Menedżerskie | ||
| 020 | _a8386890398 | ||
| 040 | _cBPK | ||
| 041 | 0 | _apl | |
| 080 | _a659.4 | ||
| 920 | _a83-86890-39-8 | ||
| 942 | _cKS | ||
| 008 | s pl f |000 0 pol | ||
| 999 |
_c32937 _d32937 |
||
| 856 |
_uhttp://koha.tu.koszalin.pl/cgi-bin/koha/opac-detail.pl?biblionumber=32937 _yKatalog online BPK |
||